000 01408nam a2200253Ia 4500
008 130821s1984 xxua gs spa
040 _aCo-BoUCM
_bspa
041 0 0 _aspa
092 _aDVD 0533
245 1 0 _aElígeme
_c[DVD]
_c[dirigida por] Sam Raimi
260 _aWashington D.C. (Estados Unidos)
_bMGM
_c1984
300 _a1 DVD (116 min. )
_bson., color
500 _aSINOPSIS : Unos personajes buscan desesperadamente el amor en las noches de Los Ángeles. Entre fracaso y fracaso, piden consejos a la doctora Nancy Love, la responsable de un consultorio radiofónico, aunque ella apenas tiene experiencia ni en el amor ni en el sexo. Todo cambia cuando la psicóloga se introduce en sus vidas y se ve envuelta en el círculo de dos amantes, un enigmático vagabundo y la propietaria de un club nocturno.
508 _aDirector, Alan Rudolph; guión, Alan Rudolph; música, Luther Vandross; fotografía, Jan Kiesser.
511 _aGeneviève Bujold, Keith Carradine, Lesley Ann Warren, Patrick Bauchau, Rae Dawn Chong, John Larroquette.
546 _aAudio en Inglés y Español. Subtítulos en Español.
650 0 4 _aAmor en el cine
_vDVD
_98920
650 0 4 _aEntretenimiento
_926487
650 0 4 _aPelículas cinematográficas
_zEstados Unidos
_vDVD
_97903
700 1 _aRudolph, Alan
_d1943-
_edir.
710 2 _aMetro-Goldwyn-Mayer
765 _tChoose me
942 _cMULTIMEDIA
_2LOCAL
_a11
_e1
999 _c63866
_d63866